[Event "RSA-ch Seniors"]
[Site "Cape Town"]
[Date "2022.05.14"]
[Round "9"]
[White "Esau, Omar"]
[Black "Lewis, Mark MM"]
[Result "0-1"]
[WhiteElo "1521"]
[BlackElo "1875"]
[PlyCount "56"]
[EventDate "2022.05.07"]
[EventType "tourn"]
[EventRounds "9"]
[EventCountry "RSA"]
[SourceTitle "CBM 208 Extra"]
[Source "ChessBase"]
[SourceDate "2022.07.31"]
[SourceVersion "1"]
[SourceVersionDate "2022.07.31"]
[SourceQuality "1"]

1. d4 Nf6 2. Nf3 g6 3. Nbd2 d5 4. e3 c5 5. c3 Bg7 6. a3 0-0 7. dxc5 a5 8. b4 axb4 9. cxb4 Ne4 10. Nd4 Nc6 11. Nxe4 Nxd4 12. exd4 dxe4 13. Bb2 Qd5 14. Qd2 Rd8 15. Rd1 Bg4 16. Rc1 Bxd4 17. Bxd4 Qxd4 18. Qxd4 Rxd4 19. h3 Be6 20. Rc3 Rad8 21. g4 Rd1+ 22. Ke2 f5 23. Bg2 R1d2+ 24. Ke1 Ra2 25. Bf1 Ra1+ 26. Ke2 f4 27. b5 Rad1 28. Rc2 Bc4+ 0-1

[Event "RSA-ch Seniors"]
[Site "Cape Town"]
[Date "2022.05.13"]
[Round "8"]
[White "Southey, Andrew M"]
[Black "Esau, Omar"]
[Result "1-0"]
[WhiteElo "1756"]
[BlackElo "1521"]
[PlyCount "116"]
[EventDate "2022.05.07"]
[EventType "tourn"]
[EventRounds "9"]
[EventCountry "RSA"]
[SourceTitle "CBM 208 Extra"]
[Source "ChessBase"]
[SourceDate "2022.07.31"]
[SourceVersion "1"]
[SourceVersionDate "2022.07.31"]
[SourceQuality "1"]

1. e4 e6 2. d3 d5 3. Nd2 Nf6 4. g3 Nbd7 5. Bg2 Bd6 6. Ngf3 h6 7. 0-0 c6 8. Re1 e5 9. Nf1 d4 10. c3 c5 11. h3 0-0 12. N1h2 Re8 13. Nh4 Nf8 14. c4 a6 15. Rf1 Be6 16. Nf5 Bc7 17. Kh1 Qc8 18. g4 b5 19. b3 bxc4 20. bxc4 Ng6 21. g5 hxg5 22. Bxg5 Bxf5 23. exf5 Qxf5 24. Bxf6 Rab8 25. Ng4 Kf8 26. Be4 Qh5 27. Qf3 Nf4 28. Qg3 gxf6 29. Nxf6 Qxh3+ 30. Qxh3 Nxh3 31. Nxe8 Kxe8 32. Kh2 Ng5 33. Bc6+ Ke7 34. Kg2 Ne6 35. Be4 Rg8+ 36. Kf3 Ng5+ 37. Ke2 Nxe4 38. dxe4 Rg4 39. f3 Rg2+ 40. Rf2 Rg6 41. Rb1 Bb6 42. Kf1 Kd7 43. Rg2 Rf6 44. Kf2 Kc7 45. Rg5 Re6 46. Ke2 Ba5 47. Rf5 f6 48. Rh5 Re7 49. Rh6 Rf7 50. Rbh1 Kd6 51. Rh7 Rf8 52. Ra7 Kc6 53. Rxa6+ Bb6 54. Rb1 Rb8 55. a4 Kc7 56. a5 Bxa5 57. Rxb8 Kxb8 58. Rxa5 d3+ 1-0

[Event "RSA-ch Seniors"]
[Site "Cape Town"]
[Date "2022.05.10"]
[Round "5"]
[White "Esau, Omar"]
[Black "Ohlson, Cecil"]
[Result "0-1"]
[WhiteElo "1521"]
[BlackElo "1620"]
[PlyCount "68"]
[EventDate "2022.05.07"]
[EventType "tourn"]
[EventRounds "9"]
[EventCountry "RSA"]
[SourceTitle "CBM 208 Extra"]
[Source "ChessBase"]
[SourceDate "2022.07.31"]
[SourceVersion "1"]
[SourceVersionDate "2022.07.31"]
[SourceQuality "1"]

1. d4 d5 2. Nf3 e6 3. e3 f5 4. Nbd2 Nf6 5. c4 c6 6. a3 a5 7. Bd3 Bd6 8. h3 Ne4 9. cxd5 cxd5 10. Bb5+ Bd7 11. Qe2 Nc6 12. Bxc6 Bxc6 13. Ne5 Qf6 14. Nxc6 bxc6 15. Nxe4 fxe4 16. Qh5+ g6 17. Qg4 Rb8 18. Qe2 0-0 19. Qc2 c5 20. dxc5 Rbc8 21. 0-0 Rxc5 22. Qd2 Qe5 23. g3 Qh5 24. h4 Qg4 25. b4 Rc4 26. bxa5 Rf3 27. Ra2 Bxg3 28. fxg3 Rxg3+ 29. Kh1 Rh3+ 30. Qh2 Rxh2+ 31. Rxh2 e5 32. a6 Ra4 33. Rf6 Qd1+ 34. Rf1 Qxf1# 0-1

[Event "RSA-ch Seniors"]
[Site "Cape Town"]
[Date "2022.05.08"]
[Round "3"]
[White "Esau, Omar"]
[Black "Steyn, Hans"]
[Result "1/2-1/2"]
[WhiteElo "1521"]
[BlackElo "1840"]
[PlyCount "80"]
[EventDate "2022.05.07"]
[EventType "tourn"]
[EventRounds "9"]
[EventCountry "RSA"]
[SourceTitle "CBM 208 Extra"]
[Source "ChessBase"]
[SourceDate "2022.07.31"]
[SourceVersion "1"]
[SourceVersionDate "2022.07.31"]
[SourceQuality "1"]

1. d4 Nf6 2. Nf3 g6 3. e3 Bg7 4. Bd3 c5 5. c3 b6 6. Nbd2 0-0 7. 0-0 d6 8. Re1 Bb7 9. e4 Nfd7 10. Nf1 Nc6 11. Ng3 cxd4 12. cxd4 Nxd4 13. Nxd4 Bxd4 14. h4 Bg7 15. h5 Rc8 16. h6 Bh8 17. Rb1 Nc5 18. Bc4 e6 19. b3 Nxe4 20. Nxe4 Bxe4 21. Bb2 Bxb2 22. Rxb2 Qf6 23. Rbe2 d5 24. Ba6 Qg5 25. Rxe4 dxe4 26. Bxc8 Rxc8 27. Qd7 Ra8 28. Qb7 Qd5 29. Qe7 Qd8 30. Qb7 Qf8 31. Qxe4 Rd8 32. Qf4 Qd6 33. Qf6 Qd4 34. Re5 Kf8 35. Kh2 Rd5 36. f4 b5 37. Qg7+ Ke7 38. Rxd5 Qxf4+ 39. g3 Qf2+ 40. Kh3 Qf1+ 1/2-1/2

[Event "RSA-ch Seniors"]
[Site "Cape Town"]
[Date "2022.05.07"]
[Round "1"]
[White "Esau, Omar"]
[Black "Galleid, Stephen"]
[Result "0-1"]
[WhiteElo "1521"]
[BlackElo "1578"]
[PlyCount "82"]
[EventDate "2022.05.07"]
[EventType "tourn"]
[EventRounds "9"]
[EventCountry "RSA"]
[SourceTitle "CBM 208 Extra"]
[Source "ChessBase"]
[SourceDate "2022.07.31"]
[SourceVersion "1"]
[SourceVersionDate "2022.07.31"]
[SourceQuality "1"]

1. d4 Nf6 2. Nf3 e6 3. e3 c5 4. c3 d5 5. Nbd2 Nc6 6. Bd3 Bd6 7. e4 cxd4 8. cxd4 dxe4 9. Nxe4 Be7 10. Bc2 Nd5 11. 0-0 h6 12. a3 Qb6 13. Re1 Bd7 14. Ba4 Rd8 15. Bb3 0-0 16. Nc3 Bc8 17. Nxd5 exd5 18. Ba4 Bf6 19. Bxc6 bxc6 20. Ne5 c5 21. dxc5 Qxc5 22. Nd3 Qb6 23. Nb4 Be6 24. Qf3 a5 25. Nd3 Bc8 26. Rb1 d4 27. b4 Bb7 28. Qg3 Kh7 29. Bf4 Rd5 30. bxa5 Qa7 31. Rec1 Rc8 32. Rxc8 Bxc8 33. Bc7 Rg5 34. Qf4 Bf5 35. Bb6 Qa8 36. f3 Bxd3 37. Rd1 Be2 38. Rxd4 Bxd4+ 39. Bxd4 Qxf3 40. Qxf3 Bxf3 41. g3 Rxa5 0-1

[Event "Western Province-chT"]
[Site "Cape Town"]
[Date "2018.08.11"]
[Round "3"]
[White "Esau, Omar"]
[Black "Wright, Adrian"]
[Result "0-1"]
[WhiteElo "1706"]
[BlackElo "1592"]
[PlyCount "76"]
[EventDate "2018.08.04"]
[EventType "team-tourn"]
[EventRounds "11"]
[EventCountry "RSA"]
[SourceTitle "EXT 2020"]
[Source "ChessBase"]
[SourceDate "2019.10.17"]
[SourceVersion "1"]
[SourceVersionDate "2019.10.17"]
[SourceQuality "1"]
[WhiteTeam "Manyanani"]
[BlackTeam "Bellville"]
[WhiteTeamCountry "RSA"]
[BlackTeamCountry "RSA"]

1. d4 Nf6 2. Nf3 g6 3. b3 Bg7 4. Bb2 0-0 5. Nbd2 d5 6. e3 Bg4 7. h3 Bxf3 8. Nxf3 c5 9. dxc5 Qa5+ 10. Nd2 Qxc5 11. Bd3 Nc6 12. 0-0 e5 13. a4 Rfd8 14. c3 a5 15. Qc2 Rac8 16. Ba3 Qb6 17. Rab1 Nb4 18. Bxb4 axb4 19. c4 e4 20. Be2 h5 21. Qa2 d4 22. exd4 Rxd4 23. Rbc1 Qc5 24. Kh1 Bh6 25. Rc2 Rcd8 26. Nb1 Bf4 27. Qb2 h4 28. Rg1 b6 29. Re1 Bc7 30. f4 Qd6 31. c5 bxc5 32. Qc1 Bb6 33. Qe3 c4 34. f5 cxb3 35. fxg6 bxc2 36. gxf7+ Kxf7 37. Bh5+ Ke7 38. Qh6 cxb1Q 0-1